000 00813nam a2200265Ia 4500
003 OSt
005 20220925223402.0
006 a|||||r|||| 00| 0
007 ta
008 220923b |||||||| |||| 00| 0 eng d
020 _a0415357616
_c1699.55
037 _b20977, 15/06/2006, Segment Book Distrobutors
_cGeneral Book
040 _aRTL
_cRTL
_beng
041 _2eng
_aeng
082 _aY72:7:7, P6
100 _aKUPER Adam
_95241
245 0 _aReinvention of primitive society
_b Transformations of a myth
250 _a2
260 _aLondon
_bRoutledge
_c2005
300 _axii, 272p
_ccm.
500 _aBibliography p244-64
650 _aSociology
942 _hY72:7:7, P6
_cGB
_2CC
999 _c579378
_d579378